[Event "Minsk Kupreichik Memorial rapid"]
[Site "Minsk"]
[Date "2019.08.17"]
[Round "9"]
[White "Novik, Nikita"]
[Black "Svjatocho, Andrej"]
[Result "0-1"]
[WhiteElo "1355"]
[BlackElo "1995"]
[PlyCount "72"]
[EventDate "2019.08.15"]
[EventType "swiss (rapid)"]
[EventRounds "10"]
[EventCountry "BLR"]
[SourceTitle "CBM 191 Extra"]
[Source "ChessBase"]
[SourceDate "2019.09.30"]
[SourceVersion "1"]
[SourceVersionDate "2019.09.30"]
[SourceQuality "1"]

1. d4 e6 2. c4 c5 3. d5 exd5 4. cxd5 d6 5. e4 g6 6. Nc3 a6 7. a4 Bg7 8. Bd3 Ne7 9. Nge2 0-0 10. 0-0 Nd7 11. f3 Ne5 12. Bf4 f6 13. b3 g5 14. Bxe5 fxe5 15. Qd2 Ng6 16. Nd1 g4 17. Qe3 Qh4 18. g3 Qh5 19. Kg2 gxf3+ 20. Rxf3 Rxf3 21. Qxf3 Bh3+ 22. Kf2 Rf8 23. Nf4 Qxf3+ 24. Kxf3 exf4 25. Rc1 Ne5+ 26. Ke2 f3+ 27. Kd2 f2 28. Ne3 Nxd3 29. Kxd3 f1Q+ 30. Nxf1 Rxf1 31. Rc2 Bd4 32. Rc4 Rf3+ 33. Kd2 Rxb3 34. Rc2 Be3+ 35. Ke2 Bg4+ 36. Kf1 Bf3 0-1

[Event "Minsk Kupreichik Memorial rapid"]
[Site "Minsk"]
[Date "2019.08.15"]
[Round "1"]
[White "Novik, Nikita"]
[Black "Kalinin, Dmitry2222"]
[Result "0-1"]
[WhiteElo "1355"]
[BlackElo "1995"]
[PlyCount "118"]
[EventDate "2019.08.15"]
[EventType "swiss (rapid)"]
[EventRounds "10"]
[EventCountry "BLR"]
[SourceTitle "CBM 191 Extra"]
[Source "ChessBase"]
[SourceDate "2019.09.30"]
[SourceVersion "1"]
[SourceVersionDate "2019.09.30"]
[SourceQuality "1"]

1. d4 Nf6 2. c4 e6 3. Nc3 d5 4. e3 Be7 5. Nf3 0-0 6. cxd5 exd5 7. Bd3 b6 8. 0-0 Bb7 9. b3 Nbd7 10. Bb2 Ne4 11. Nd2 f5 12. f3 Nxc3 13. Bxc3 Bd6 14. Qc2 Qh4 15. f4 Qe7 16. Rae1 g6 17. Nf3 Rac8 18. Ne5 Bxe5 19. fxe5 Rf7 20. Rf3 Nf8 21. Ref1 Ne6 22. Rg3 Kh8 23. Qd2 c5 24. Be2 Qc7 25. h4 cxd4 26. Bxd4 Qc2 27. Rd1 Qxd2 28. Rxd2 Rfc7 29. Bd3 Rc1+ 30. Kh2 Bc6 31. h5 Be8 32. hxg6 hxg6 33. Rh3+ Kg7 34. Rg3 Kf7 35. Rf2 Ke7 36. Rh3 Bf7 37. Rh7 Ng5 38. Rh4 Rd1 39. Bb5 Ne6 40. Bb2 Ng5 41. Ba3+ Ke6 42. Bb2 Ne4 43. Rxe4 dxe4 44. Bc4+ Ke7 45. Ba3+ Ke8 46. Bb5+ Kd8 47. Ba6 Rc7 48. Rf4 Rc2 49. Bb5 a6 50. Bxa6 Rxa2 51. Rh4 Rxa3 52. Rh8+ Kd7 53. Bc8+ Ke7 54. Rh7 Rd8 55. Bb7 Rxb3 56. Bc6 Rxe3 57. Bb5 Rc3 58. Ba6 Rc5 59. Be2 Rxe5 0-1